000 00570nam a22001817a 4500
003 OSt
005 20240605013735.0
008 240605b |||||||| |||| 00| 0 eng d
020 _a9713007409
040 _aDWC- Main Lib
_cOC
082 _aFil. 515.35 A832e 1991
100 _aAsin, Ricardo C.
245 _aElementary differential equations reviewer. /
_cRicardo C. Asin
260 _aManila, Philippines :
_bMerriam & Webster Book Store Inc.,
_cc1991.
300 _a226 pages :
_billustrations ;
_c22cm.
650 _a1. Differential questions
942 _2ddc
_cBK - FIL
_n1
999 _c158
_d158